000 00327 a2200157 4500
001 168526
020 _a
040 _cMagnum
100 _aOlson, David R.
240 1 0 _aCultura escrita e oralidade
_lpor
245 1 0 _aCultura escrita e oralidade
362 0 _a1899
440 1 _aÁtica
697 _aGERAL
942 _cBK
999 _c168526
_d168526